Violencia contra las mujeres : quien calla otorga . buenas prácticas en intervención socio sanitaria desde una perspectiva de género y derechos humanos/ patricia gonzález ... y otros.
Guardado en:
| Autor Principal: | |
|---|---|
| Formato: | Libro |
| Publicado: |
Mendoza :
Idege,
2013
|
| Materias: | |
| Etiquetas: |
Agregar Etiqueta
Sin Etiquetas, Sea el primero en etiquetar este registro!
|
| LEADER | 00719nam a22002175a 4500 | ||
|---|---|---|---|
| 001 | CEM.cems014180 | ||
| 008 | 130507s2013##################000#0#####d | ||
| 005 | 20210804191650.0 | ||
| 003 | CEMS | ||
| 245 | 1 | 0 | |a Violencia contra las mujeres : |b quien calla otorga . buenas prácticas en intervención socio sanitaria desde una perspectiva de género y derechos humanos/ patricia gonzález ... y otros. |
| 260 | |a Mendoza : |b Idege, |c 2013 | ||
| 300 | |a 168 p. | ||
| 590 | |a 1223.013 | ||
| 100 | 1 | |a González, Patricia | |
| 653 | |a Violencia de género | ||
| 653 | |a Derechos humanos | ||
| 653 | |a Violencia | ||
| 653 | |a Salud | ||
| 653 | |a Terapia | ||
| 653 | |a Biblioteca TC | ||
| 859 | |a CEMS |b BIB. CEMS - 11 de abril |h TC |p 1223.013 |t Ej.1 | ||
